| 000 | 01218cam a22003617a 4500 | ||
|---|---|---|---|
| 003 | CHAP | ||
| 005 | 20220329141906.0 | ||
| 008 | 980420d1997 mx a r 00110 spa d | ||
| 010 | _a75355 | ||
| 011 | _a76327 | ||
| 020 | _a8471146487 | ||
| 035 | _a85908 | ||
| 040 | _cCHAP | ||
| 082 | 0 | 4 |
_a614.5824 _bC6 |
| 100 | 0 | 0 |
_aConesa Fernández-Vítora, Vicente. _926385 |
| 245 | 0 | 4 |
_aLos instrumentos de la gestión ambiental en la empresa _c/por Vicente Conesa Fernández-Vítora |
| 260 | 0 |
_aMadrid : _bMundi-Prensa, _c1997. |
|
| 300 |
_a541 p. : _bilus. ; gráfs. |
||
| 590 |
_aBATCH-UPD _b10 _c20130110 _lUCH01 _h0405 |
||
| 590 |
_aBATCH-UPD _b10 _c20130110 _lUCH01 _h1933 |
||
| 590 |
_aBATCH-UPD _b10 _c20130410 _lUCH01 _h0038 |
||
| 590 |
_aBATCH-UPD _b10 _c20130914 _lUCH01 _h1028 |
||
| 590 |
_aCONVERSION _b10 _c20130109 _lUCH01 _h1341 |
||
| 650 | 1 | 4 |
_aEmpresas. _936635 |
| 650 | 1 | 4 |
_aImpacto ambiental. _957465 |
| 650 | 1 | 4 |
_aMedio ambiente _xLeyes. _974098 |
| 650 | 1 | 4 |
_aMedio ambiente _xProtección. _974106 |
| 650 | 1 | 4 |
_aPolítica ambiental. _990422 |
| 901 | _aBK | ||
| 905 | _aAlejandra Carrasco M. | ||
| 942 | _cLIBRO | ||
| 949 |
_a614.5824 C6 _bBC _cLIBRO _d33724000591418 _eLIBRO _gI. 191447 _h93047 _i85908 _si _t$300.00 |
||
| 999 |
_c75355 _d75355 |
||